000 01434cam a2200337 a 4500
001 EDZ0000067602
003 StDuBDS
005 20161031105112.0
006 m||||||||d||||||||
007 cr |||||||||||
008 120405s2004 enka fo| 001|0|eng d
020 _a9781446216873 (ebook) :
_cNo price
040 _aStDuBDS
_beng
_cStDuBDS
_epn
049 _aAlfaisal Main Library
050 0 _aRJ504
_b.S518 2004
082 0 4 _a616.89156
_223
100 1 _aSharry, John.
245 1 0 _aCounselling children, adolescents and families
_h[electronic resource] :
_ba strengths-based approach /
_cJohn Sharry.
260 _aLondon :
_bSAGE,
_cc2004.
300 _a1 online resource (xiv, 183 p.) :
_bill.
504 _aIncludes bibliographical references and index.
520 8 _aThis book describes an innovative approach to therapeutic work which builds on the strengths of children and their parents. Helping clients to focus on potential solutions rather than problems can be a powerful means of engaging them in the therapeutic process.
521 _aSpecialized.
588 _aDescription based on print version record.
650 0 _aFamily psychotherapy.
655 7 _aElectronic books.
_2local
710 2 _aSage eBooks
776 0 8 _iPrint version :
_z9780761949510
856 4 0 _uhttp://ezproxy.alfaisal.edu/login?url=http://sk.sagepub.com/books/counselling-children-adolescents-and-families
942 _2lcc
_cEBOOKS
999 _c479342
_d479342